000 00435nam a2200157Ia 4500
008 210716s1998 xx 000 0 und d
020 _a201455781
041 _aeng
082 _a006.3 CHAE
100 _aCharniak,Eugene;Mcdermott, Drew.
245 _aIntroduction to artificial intelligence.
250 _a1
260 _aNew Delhi
_bAddison Wesley Longman
_c1998
300 _axvii,701
650 _aArtificial Intelligence(006.3)
999 _c183408
_d183408